HSL bus lines of Kerava - Statistics

Yleistilastot
  • Tätä visaa on pelattu 10 kertaa
  • Keskiarvotulos 9 / 17
Vastaustilastot
Hint Vastaus % Oikein
Mattilanpuisto via Kaleva 975
80%
Tikkurila via Hyrylä-Leinelä 641
70%
Peijas via Korso as. 973
70%
Kalasatama (M) 738
60%
Paijala via Hyrylä 963
60%
Kivistö via Hyrylä 971
60%
Kytömaa via Päivölanlaakso 977
60%
Keinukallio via Ahjo-Sorsakorpi 978
60%
Hyrylä via Sula 962
50%
Korso as. via Alikerava 972
50%
Nikkilän kartano via Ahjo-Talma-Nikkilä 985
50%
Rautatientori via Ahjo-Korso 633N
40%
Ruotsinkylä via Hyrylä 971B
40%
Hyrylä via Kaleva 975N
40%
Kytömaa via Ylikerava 977V
40%
Hyrylä 963B
30%
Bastukärr via Ahjo-Sorsakorpi 978K
30%
Ehtoja vastaavia visoja ei löytynyt
Tulosjakauma
Jokaisen tuloksen saaneiden osuus
Persentiili vastausten määrän mukaan
Tuloshistoriasi
Et ole pelannut tätä visaa